Sports Quiz

Random Sports or Soccer Quiz

Sir Alex Ferguson's Man United Home Losses Quiz Stats

 Plays Quiz Updated Mar 8, 2019

Score 0/76 Timer 08:00
0 Plays Today
Season Club % Correct
1990-91Chelsea
97.1%
1993-94Chelsea
97.1%
1996-97Chelsea
97.1%
2001-02Chelsea
97.1%
2004-05**Chelsea
97.1%
2004-05Chelsea
97.1%
2012-13Chelsea
97%
1990-91Arsenal
96.5%
1997-98Arsenal
96.5%
2001-02Arsenal
96.5%
2002-03*Arsenal
96.5%
2006-07Arsenal
96.5%
2009-10Chelsea
96.4%
1989-90Liverpool
95.2%
2000-01Liverpool
95.2%
2001-02Liverpool
95.2%
2003-04Liverpool
95.2%
2008-09Liverpool
95.2%
2012-13Manchester City
95%
2007-08Manchester City
94.8%
2011-12Manchester City
93.1%
2012-13Tottenham Hotspur
88.3%
1989-90**Tottenham Hotspur
88.3%
1989-90Tottenham Hotspur
88.3%
1988-89Everton
85.5%
1990-91Everton
85.5%
1992-93Everton
85.5%
2009-10Aston Villa
76.1%
1999-00†Real Madrid
76.1%
2012-13†Real Madrid
75.9%
2000-01*West Ham United
74.6%
2001-02West Ham United
74.6%
2006-07West Ham United
74.6%
2009-10*Leeds United
71.1%
2005-06Blackburn Rovers
67.8%
2011-12Blackburn Rovers
67.6%
2000-01†Bayern Munich
63.6%
2003-04Fulham
62.8%
Season Club % Correct
1987-88Southampton
62.7%
1991-92*Southampton
62.5%
2004-05†Milan
59.9%
1986-87Norwich City
57%
1988-89Norwich City
57%
1989-90Norwich City
57%
1996-97†Juventus
53.5%
2001-02Bolton Wanderers
53.1%
2002-03Bolton Wanderers
53.1%
1988-89*Nottingham Forest
52.3%
1990-91Nottingham Forest
52.3%
1991-92Nottingham Forest
52.3%
1994-95Nottingham Forest
52.3%
2007-08*Portsmouth
51.8%
1991-92Queens Park Rangers
50.7%
2011-12**Crystal Palace
49.3%
1989-90Crystal Palace
49.2%
1998-99Middlesbrough
48.7%
2001-02Middlesbrough
48.7%
2003-04Middlesbrough
48.7%
1997-98Leicester City
46.5%
1988-89Derby County
45.3%
1989-90Derby County
45.3%
1996-97Derby County
45.3%
2000-01Derby County
45.3%
1996-97†Borussia Dortmund
42.8%
1986-87Wimbledon
38.3%
1992-93Wimbledon
38.2%
2011-12‡Ajax
37.8%
1986-87*Coventry City
36.8%
1988-89Coventry City
36.8%
2007-08**Coventry City
36.8%
2011-12‡Athletic Club
27.5%
1996-97†Fenerbahçe
16%
2001-02†Deportivo La Coruña
13.6%
1995-96**York City
13.4%
2012-13†CFR Cluj
11.3%
2009-10†Beşiktaş
10.8%

You're not logged in!

Compare scores with friends on all Sporcle quizzes.
OR
Log In

Sporcle TV

Today on Sporcle TV


Watch our educational content, quiz creation guides, and fun videos on Sporcle TV.

Show Comments

Extras

Top Quizzes Today


Score Distribution

Your Account Isn't Verified!

In order to create a playlist on Sporcle, you need to verify the email address you used during registration. Go to your Sporcle Settings to finish the process.

Report this User

Report this user for behavior that violates our Community Guidelines.

Details: